Mathematical economics (Registro nro. 596)
[ vista simple ]
| 000 -LEADER | |
|---|---|
| fixed length control field | 01120 a2200229 4500 |
| 001 - CONTROL NUMBER | |
| control field | 14655 |
| 005 - DATE AND TIME OF LATEST TRANSACTION | |
| control field | 20260407155448.0 |
| 008 - FIXED-LENGTH DATA ELEMENTS--GENERAL INFORMATION | |
| fixed length control field | 260407a1985 arg spa d |
| 003 - CONTROL NUMBER IDENTIFIER | |
| control field | AR-UNSa-BCEJYS |
| 040 ## - CATALOGING SOURCE | |
| Original cataloging agency | AR-UNSa-BCEJYS |
| Language of cataloging | spa |
| Transcribing agency | AR-UNSa-BCEJYS |
| 080 ## - UNIVERSAL DECIMAL CLASSIFICATION NUMBER | |
| Universal Decimal Classification number | 330.4 |
| Common auxiliary subdivision | Economía matemática |
| 020 ## - INTERNATIONAL STANDARD BOOK NUMBER | |
| International Standard Book Number | 978-0-521-31498-5 |
| 100 1# - MAIN ENTRY--PERSONAL NAME | |
| Personal name | Takayama, Akira |
| 245 10 - TITLE STATEMENT | |
| Title | Mathematical economics |
| 250 ## - EDITION STATEMENT | |
| Edition statement | 2a. ed. |
| 264 #1 - PRODUCTION, PUBLICATION, DISTRIBUTION, MANUFACTURE, AND COPYRIGHT NOTICE | |
| Place of production, publication, distribution, manufacture | Cambridge : |
| Name of producer, publisher, distributor, manufacturer | Cambridge University Press |
| Date of production, publication, distribution, manufacture, or copyright notice | 1985 |
| 300 ## - PHYSICAL DESCRIPTION | |
| Extent | xxiii, 737 p. |
| Dimensions | 23 cm. |
| 505 ## - FORMATTED CONTENTS NOTE | |
| Formatted contents note | 1. Developments of nonlinear programming - 2. The theory of competitive markets - 3. The stability of competitive equilibrium - 4. Frobenius theorems, dominant diagonal matrices, and applications - 5. The calculus of variartions and the optimal growth of an aggregate economy - 6. Multisector models of economic growth - 7. Multisector optimal growth models - 8. Developments of optimal control theory and its applications |
| 590 ## - LOCAL NOTE (RLIN) | |
| Local note | niveau_biblio:m niveau_hierar:0 |
| 856 41 - ELECTRONIC LOCATION AND ACCESS | |
| Uniform Resource Identifier | <a href="https://www.biblioeco.unsa.edu.ar/pmb/images/libros/14655.jpg">https://www.biblioeco.unsa.edu.ar/pmb/images/libros/14655.jpg</a> |
| Link text | Imagen de portada |
| Electronic format type | image/jpeg |
| 942 ## - ADDED ENTRY ELEMENTS (KOHA) | |
| Koha item type | |
| Withdrawn status | Lost status | Damaged status | Not for loan | Home library | Current library | Shelving location | Date acquired | Total checkouts | Full call number | Barcode | Date last seen | Price effective from | Koha item type |
|---|---|---|---|---|---|---|---|---|---|---|---|---|---|
| Biblioteca Prof. Eusebio Cleto del Rey | Biblioteca Prof. Eusebio Cleto del Rey | 07/04/2026 | 330.4 T136 2ed. | L118968 | 07/04/2026 | 07/04/2026 | Libro | ||||||
| Biblioteca Prof. Eusebio Cleto del Rey | Biblioteca Prof. Eusebio Cleto del Rey | 07/04/2026 | 330.4 T136 2ed. | L118969 | 07/04/2026 | 07/04/2026 | Libro |